000 00532nam a2200193 a 4500
001 10617
005 20180713194716.0
008 140415s1983 mx 000 0 spa d
041 _aspa
082 _a657.45
_bBRA
100 1 _aBRASSEUX, J. HERMAN
245 1 3 _aEL INFORME DE AUDITORIA
250 _a1a ed.
260 _aMEXICO :
_bEDICIONES CONTABLES Y ADMINISTRATIVAS,
_c1983
300 _a251
650 1 4 _aAUDITORIA
700 1 _aRODRIGUEZ CASTORENA, AGUSTIN
_etr.
700 1 _aMILES, FRANCIS L.
_ecoaut.
999 _c10617
_d10617